El sindicalismo en el mundo

Salvato in:
Dettagli Bibliografici
Autore principale: Lefranc, Georges (Autore)
Natura: Libro
Lingua:spagnolo
Pubblicazione: Barcelona Oikos-Tau 1974
Soggetti:
Tags: Aggiungi Tag
Nessun Tag, puoi essere il primo ad aggiungerne!!

MARC

LEADER 00000nam a2200000 a 4500
001 UCP7665
003 CL-VaPUC
008 991217e19740000SP |||||||||||||||||spa|d
082 0 4 |a 331.88  |b LEF  |2 21 
100 |a Lefranc, Georges  |e author  |9 437216 
245 1 3 |a El sindicalismo en el mundo 
300 |a 192 p 
942 |c BK 
945 |d 19991217 00:00:00  |a crobeson 
260 |a Barcelona  |b Oikos-Tau  |c 1974 
650 7 |a SINDICALISMO  |2 CL-VaPUC  |9 437217 
650 7 |a SINDICATOS OBREROS  |2 CL-VaPUC  |9 401880 
650 7 |a SINDICALISMO HISTORIA  |2 CL-VaPUC  |9 256577 
650 0 |a Acción social  |9 307836 
583 |a last modification  |c 19991217 00:00:00  |k Rodrigo Vera 
999 |c 284782  |d 284780 
952 |0 0  |1 0  |4 0  |6 331_880000000000000_LEF_1974  |7 0  |8 A  |9 329014  |a BIBHIS  |b BIBHIS  |d 2019-11-20  |i 1373536  |o 331.88 LEF 1974  |p 1373536  |r 2025-01-20  |w 2019-11-20  |y BK  |k HIS